Top 100 Most Common Five+ Letter Words (alphabetic) - Statistics

General Stats
  • This quiz has been taken 644 times
  • The average score is 27 of 100
Answer Stats
rank # word % Correct
62 5 there
75%
87 5 could
73%
121 5 where
73%
72 5 would
72%
39 5 about
62%
54 5 think
62%
134 6 should
56%
242 5 every
55%
265 5 which
55%
253 5 house
54%
182 5 these
54%
200 5 those
51%
151 6 people
49%
95 7 because
46%
124 5 thing
46%
109 5 never
44%
164 5 great
43%
233 6 father
42%
225 6 mother
42%
40 5 right
42%
296 5 world
42%
158 5 again
39%
291 5 three
39%
168 5 night
38%
93 9 something
38%
165 6 before
36%
240 5 might
36%
147 7 thought
36%
194 6 always
35%
263 5 woman
35%
45 5 going
33%
226 5 place
32%
175 10 everything
31%
173 5 other
31%
209 7 through
30%
135 8 anything
29%
187 6 around
29%
247 7 someone
29%
144 5 thank
28%
286 6 friend
27%
224 5 leave
27%
157 7 nothing
27%
228 7 {wouldn't}
27%
250 6 family
25%
172 7 believe
24%
88 5 {didn't}
24%
126 5 maybe
24%
161 6 {doesn't}
23%
143 5 doing
23%
195 6 listen
23%
105 6 little
23%
268 5 money
23%
41 5 {you're}
23%
166 6 better
22%
280 5 happy
22%
298 6 {haven't}
22%
142 6 please
22%
189 6 {they're}
22%
251 5 whole
22%
208 5 wrong
22%
237 5 {wasn't}
21%
70 6 really
20%
222 8 together
20%
227 10 understand
20%
252 7 another
19%
213 5 being
18%
220 8 remember
18%
295 5 found
16%
55 5 {that's}
16%
159 6 {thing}s
16%
264 5 hello
15%
133 6 {there's}
15%
177 5 {you've}
15%
204 6 {thank}s
14%
266 5 {year}s
14%
294 6 minute
13%
255 8 yourself
13%
260 6 coming
12%
214 5 guess
12%
299 5 heard
12%
122 5 {what's}
12%
287 7 already
11%
248 5 {you'll}
11%
262 7 looking
10%
293 7 problem
10%
243 6 enough
9%
219 7 getting
9%
297 8 thinking
9%
271 7 tonight
9%
229 8 actually
8%
288 6 saying
8%
120 5 sorry
8%
196 6 wanted
8%
301 6 matter
6%
210 7 talking
6%
206 6 trying
6%
239 6 course
5%
281 6 pretty
5%
203 8 happened
3%
300 5 honey
2%
No matching quizzes found
Score Distribution
Percent of People with Each Score
Percentile by Number Answered
Your Score History
You have not taken this quiz